O Velho e a Flor - Letra Completa - Statistics

Estatísticas Gerais
  • Esse quiz foi jogado 16 vezes
  • A pontuação média é 57 de 66
Estatísticas das Respostas
. Letra % Correto
. a
100%
. de
100%
. de
100%
. e
100%
. é
100%
. e
100%
. é
100%
. é
100%
. é
100%
. eu
100%
. eu
100%
. e
100%
. por
100%
. na
100%
. o
100%
. o
100%
. o
100%
. o
100%
. o
100%
. que
100%
. que
100%
. saber
100%
. um
100%
. um
100%
. um
100%
. vi
100%
. vi
100%
. amor
90%
. amor
90%
. em
90%
. em
90%
. esperança
90%
. flor
90%
. flor
90%
. amor
90%
. andei
90%
. céus
90%
. mares
90%
. morrer
90%
. poeta
90%
. rei
90%
. se
90%
.
90%
. até
80%
. chega
80%
. espinho
80%
. me
80%
. não
80%
. vida
80%
. assim
70%
. cada
70%
. com
70%
. dizer
70%
. falou
70%
.
70%
. ninguém
70%
. pétalas
70%
. quando
70%
. quando
70%
. sabia
70%
. carinho
60%
. queria
60%
. sangrando
60%
. uma
60%
. velhinho
60%
. aberta
50%
Nenhum quiz correspondente encontrado
Distribuição das Pontuações
Porcentagem de Pessoas com Cada Pontuação
Percentil de Números Respondidos
Sua Pontuação Histórica
Você não jogou esse quiz